| 000 | 00413pab a2200157 454500 | ||
|---|---|---|---|
| 008 | 180718b2004 xxu||||| |||| 00| 0 eng d | ||
| 100 | _aMurshed, S. Mansoob | ||
| 245 | _aGlobalization and South Asia: a perspective | ||
| 260 | _c2004 | ||
| 300 | _ap.311-26. | ||
| 362 | _aJul-Dec | ||
| 650 | _aGlobalization - South Asia | ||
| 650 | _aGlobalization | ||
| 773 | _aSouth Asia Economic Journal | ||
| 909 | _a62979 | ||
| 999 |
_c62979 _d62979 |
||